[Event "Penang Heritage op 16th"]
[Site "Penang"]
[Date "2024.12.25"]
[Round "4"]
[White "Yeap, Jing Chen"]
[Black "Low, Hei Yuet Cheryl"]
[Result "1-0"]
[WhiteElo "1645"]
[BlackElo "1522"]
[PlyCount "47"]
[EventDate "2024.12.23"]
[EventType "swiss"]
[EventRounds "9"]
[EventCountry "MAS"]
[SourceTitle "CB14_2025"]
[SourceDate "2024.11.01"]
[SourceVersion "1"]
[SourceVersionDate "2024.11.01"]
[SourceQuality "1"]

1. e4 e5 2. Nf3 Nc6 3. Bc4 Bc5 4. c3 Nf6 5. d4 exd4 6. e5 d5 7. Bb5 Ne4 8. cxd4 Bb4+ 9. Nbd2 0-0 10. 0-0 Bg4 11. Qa4 Nxd2 12. Nxd2 Bxd2 13. Bxd2 Ne7 14. h3 Be6 15. Bd3 a6 16. Qc2 h6 17. f4 f5 18. g4 Nc6 19. Bc3 Qh4 20. gxf5 Bxf5 21. Bxf5 Qg3+ 22. Kh1 Kh8 23. Qd3 Qh4 24. Rf3 1-0